00303nam a2200109Ia 4500008004100000041000800041082001200049100003300061245002200094260004700116300003000163240624s9999 xx 000 0 und d aeng a368 III aINSURANCE INSTITUTE OF INDIA aINSURANCE BROKING c2008aMumbaibInsurance Institute of India aiv, : 174 : p. : cm. ; 23